000 00670nam a2200205Ia 4500
005 20260601193233.0
008 260601s9999||||xx |||||||||||||| ||und||
020 _a978-3-031-55829-0
_qebk
100 _aHabtamu Abie
245 0 _aSecure and Resilient Digital Transformation of Healthcare
250 _a2024
260 _aHeidelberg, Germany
_bSpringer Nature
_c2024
440 _aCommunications in Computer and Information Science
650 _aComputer Science
700 _aSandeep Pirbhulal
700 _aSokratis Katsikas
700 _aVasileios Gkioulos
856 _uhttps://link.springer.com/openurl?genre=book&isbn=978-3-031-55829-0
942 _cEB
_2ddc
999 _c56150
_d56150